|
|
|
|
| LEADER |
01806nam a2200325 a 4500 |
| 001 |
12713968 |
| 003 |
BD-DhAAL |
| 005 |
20241231161929.0 |
| 008 |
091019s2002 enk b 001 0 eng d |
| 010 |
|
|
|a 2002004622
|
| 020 |
|
|
|a 0195144708 (hardcover : alk. paper)
|
| 040 |
|
|
|a DLC
|c DLC
|d DLC
|d BD-DhAAL
|
| 082 |
0 |
0 |
|a 332.64
|2 21
|
| 100 |
1 |
|
|a Harris, Larry,
|d 1956-
|9 57392
|
| 245 |
1 |
0 |
|a Trading and exchanges :
|b market microstructure for practitioners /
|c Larry Harris.
|
| 260 |
|
|
|a Oxford ;
|a New York :
|b Oxford University Press,
|c 2003.
|
| 300 |
|
|
|a xii, 643 pages ;
|c 26 cm.
|
| 490 |
0 |
|
|a Financial Management Association survey and synthesis series
|
| 504 |
|
|
|a Includes bibliographical references and index.
|
| 526 |
|
|
|x Fahmida Saadia Rahman
Senior Lecturer
ESS
Course name and no. N/A
|
| 541 |
1 |
|
|e 00019446
|
| 650 |
|
0 |
|a Markets.
|
| 650 |
|
0 |
|a Exchange.
|
| 650 |
|
0 |
|a Commerce.
|
| 852 |
4 |
|
|a Ayesha Abed Library
|j General shelf
|
| 942 |
|
|
|2 ddc
|c BK
|
| 999 |
|
|
|c 4717
|d 4717
|
| 952 |
|
|
|0 0
|1 0
|2 ddc
|4 0
|6 332_640000000000000_HAR_2003
|7 0
|9 4511
|a BRACUL
|b BRACUL
|c GEN
|d 2009-10-19
|e Paragon Enterprise Ltd.
|g 600.00
|l 1
|m 1
|o 332.64 HAR
|p 3010019446
|q 2026-05-21
|r 2026-05-10
|s 2026-05-10
|t 1
|v 1200.00
|w 2009-10-19
|y BK
|x Fahmida Saadia Rahman Senior Lecturer ESS Course name and no. N/A
|
| 952 |
|
|
|0 0
|1 0
|2 ddc
|4 0
|6 332_640000000000000_HAR_2003
|7 0
|9 4512
|a BRACUL
|b BRACUL
|c GEN
|d 2009-10-19
|e Paragon
|g 600.00
|l 1
|o 332.64 HAR
|p 3010019447
|r 2016-02-04
|s 2015-12-17
|t 1
|v 1200.00
|w 2009-10-19
|y BK
|x Fahmida Saadia Rahman Senior Lecturer ESS Course name and no. N/A
|
| 952 |
|
|
|0 0
|1 0
|2 ddc
|4 0
|6 332_640000000000000_HAR_2003
|7 0
|9 4513
|a BRACUL
|b BRACUL
|c GEN
|d 2009-10-19
|e Paragon Enterprise Ltd.
|g 600.00
|l 0
|o 332.64 HAR
|p 3010019448
|r 2009-10-19
|t 1
|v 1200.00
|w 2009-10-19
|y BK
|x Fahmida Saadia Rahman Senior Lecturer ESS Course name and no. N/A
|